000 00505nam a2200157Ia 4500
008 090124s9999 xx 000 0 und d
082 _b107805
245 _a इतिहासाच्या पानो पानी
250 _a1
260 _c1960
300 _a100
630 _a इतिहासाच्या पानो पानी
700 _aगाडगीळ अमरेंद्र.
730 _a इतिहासाच्या पानो पानी
942 _cBOOK
999 _c153896
_d153896